Arts. (Record no. 308)
[ view plain ]
| 000 -LEADER | |
|---|---|
| campo de control de longitud fija | 00645nas a2200229 i 4500 |
| 001 - NÚMERO DE CONTROL | |
| campo de control | 308 |
| 003 - IDENTIFICADOR DE NÚMERO DE CONTROL | |
| campo de control | ES-MaACL |
| 005 - FECHA Y HORA DE LA ÚLTIMA TRANSACCIÓN | |
| campo de control | 20250812062547.0 |
| 008 - DATOS DE LONGITUD FIJA--INFORMACIÓN GENERAL | |
| campo de control de longitud fija | 950801d19331967fr w| | 1 ||re d |
| 080 ## - NÚMERO DE LA CLASIFICACIÓN DECIMAL UNIVERSAL | |
| Número de la Clasificación Decimal Universal | 7 |
| 245 00 - MENCIÓN DEL TÍTULO | |
| Título | Arts. |
| 246 13 - FORMA VARIANTE DEL TITULO | |
| Título propio/Titulo breve | Arts loisirs |
| 260 ## - PUBLICACIÓN, DISTRIBUCIÓN, ETC. | |
| Lugar de publicación, distribución, etc. | Paris : |
| Nombre del editor, distribuidor, etc. | [s.n.], |
| Fecha de publicación, distribución, etc. | [1933?]-1967. |
| 300 ## - DESCRIPCIÓN FÍSICA | |
| Extensión | 10 v. : |
| Otras características físicas | grab. ; |
| Dimensiones | 60 cm. |
| 310 ## - PERIODICIDAD ACTUAL | |
| Periodicidad actual | Semanal |
| 362 0# - FECHAS DE PUBLICACIÓN Y/O DESIGNACIÓN SECUENCIAL | |
| Fecha de publicación y/o designación secuencial | [1933?]-(jul. 1967) |
| 547 ## - NOTA DE RELACIÓN COMPLEJA CON LOS TÍTULOS ANTERIORES | |
| Nota de relación compleja con los títulos anteriores | Desde 1966 se titula: Arts loisirs. |
| 650 17 - PUNTO DE ACCESO ADICIONAL DE MATERIA--TÉRMINO DE MATERIA | |
| Término de materia o nombre geográfico como elemento de entrada | Arte |
| Fuente del encabezamiento o término | embne |
| 9 (RLIN) | 10068 |
| 852 ## - LOCALIZACIÓN | |
| Ubicación | ES-MaACL |
| Número de control de estantería | HEM-GF-14 |
| Encuadernación | olim: Hem-758-Ter |
| 866 #0 - MENCIÓN TEXTUAL DE FONDOS--UNIDAD BIBLIOGRÁFICA BÁSICA | |
| Fondos | (1959f.n.721)(1960f.n.763)1961-62(1963)(1964-65)(1966f.n.17)1967 |
| Estatus retirado | Estado de pérdida | Estado de daño | No para préstamo | Colección | Biblioteca de origen | Biblioteca actual | Ubicación en estantería | Fecha de adquisición | Fuente de adquisición | Total de préstamos | Signatura topográfica completa | Código de barras | Visto por última vez | Precio de reemplazo | Tipo de ítem Koha |
|---|---|---|---|---|---|---|---|---|---|---|---|---|---|---|---|
| Periódicos y Revistas | Biblioteca del Ateneo de Madrid | Biblioteca del Ateneo de Madrid | Depósito 1 | 17/01/2008 | HEM-GF-14 | 1000312 | 23/02/2023 | 23/02/2023 | Revista |
